| 000 | 00603nam a2200229 a 4500 | ||
|---|---|---|---|
| 999 |
_c11363 _d11363 |
||
| 001 | 11363 | ||
| 003 | BD-JhCC | ||
| 005 | 20220120134023.0 | ||
| 008 | 190902s2011 ii |||| |||| 000 0 eng d | ||
| 020 | _a9788129135537 | ||
| 035 | _a(BD-JhCC)11363 | ||
| 040 |
_aBD-JhCC _dBD-JhCC |
||
| 041 | _aeng | ||
| 082 |
_a823.92 _bBHA 2011 |
||
| 100 | _aBhagat, Chetan | ||
| 245 |
_aRevolution 2020 : _blove. corruption. ambition / _cChetan Bhagat |
||
| 260 |
_aNew Delhi : _bRupa, _c2011. |
||
| 300 |
_a296 p. : _c21 cm. |
||
| 650 | _aIndic fiction (English) | ||
| 650 | _aFriendship | ||
| 942 |
_2ddc _cBK _015 |
||